| 000 | 00762nam a22001577a 4500 | ||
|---|---|---|---|
| 003 | OSt | ||
| 005 | 20151008144833.0 | ||
| 008 | 151008b xxu||||| |||| 00| 0 eng d | ||
| 040 | _cRUA | ||
| 082 | _aAVM SOK 2008 B081 Or.1 | ||
| 100 |
_92365 _aSOK, CHANPHEAKDEY. |
||
| 245 | _aStudy on chicken production in biosecurity fence by farmers of celagrid in pursat kandal and takeo province, សិក្សាការចិញ្ចឹមមាន់ក្នុងរបងសន្តិសុខរបស់កសិករនៃអង្គការCELAGRID នៅខេត្តពោសាធិ៍ ខេត្តកណ្ដាល និង ខេត្តតាកែវ | ||
| 260 |
_aPhnom Penh _bRUA _c2008 |
||
| 300 |
_a44p. _bill. _c29cm. |
||
| 942 |
_2ddc _cAVM |
||
| 999 |
_c2227 _d2227 |
||